000 00674nam a2200277Ia 4500
005 20260324131441.0
008 008 260324s9999 xx 000 0 eng d
020 _a9781315020228
037 _aEBOOK
040 _aCRL
040 _beng
040 _cCRL
041 _2eng
041 _aeng
084 _qCRL
100 _aM.C. Buer
_91185568
245 0 _aHealth, Wealth and Population in the Early Days of the Industrial Revolution
260 _bTaylor and Francis
260 _c2006
365 _a
365 _b300
856 _uhttp://www.taylorfrancis.com/books/9781315020228
942 _cEBOOK
999 _c1782715
_d1782715